After the cataclysm: postwar Indochina and the reconstruction of imperial ideology
Bewaard in:
| Hoofdauteurs: | , |
|---|---|
| Formaat: | Boek |
| Taal: | Engels |
| Gepubliceerd in: |
Londres
Pluto Press
2015
|
| Editie: | 1a. ed |
| Onderwerpen: | |
| Tags: |
Voeg label toe
Geen labels, Wees de eerste die dit record labelt!
|
MARC
| LEADER | 00000cam a2200000 a 4500 | ||
|---|---|---|---|
| 001 | UCC9108 | ||
| 003 | CL-VaPUC | ||
| 008 | 190904e20150000uk |||||||||||||||||eng|d | ||
| 020 | |a 9780745335506 | ||
| 082 | 0 | 4 | |a 323.4 |b CHO |2 21 |
| 100 | 0 | |a Chomsky, Noam |e author |9 320717 | |
| 700 | |a Herman, Edward S |e author |9 603974 | ||
| 245 | 1 | 0 | |a After the cataclysm: postwar Indochina and the reconstruction of imperial ideology |
| 250 | |a 1a. ed | ||
| 300 | |a v | ||
| 942 | |c BK | ||
| 945 | |d 20190904 15:40:00 |a dcastane | ||
| 260 | |a Londres |b Pluto Press |c 2015 | ||
| 500 | |a v.2: the political economy of human rights | ||
| 650 | 0 | |a Derechos humanos |9 223025 | |
| 650 | 0 | |a Relaciones Internacionales |9 255740 | |
| 650 | 0 | |a Política económica |9 255029 | |
| 650 | 7 | |a INTERVENCIONISMO |2 CL-VaPUC |9 603975 | |
| 651 | 7 | |a INDOCHINA |2 CL-VaPUC |9 357888 | |
| 651 | 0 | |a Estados Unidos |9 255178 | |
| 583 | |a last modification |c 20190904 15:40:00 |k Rodrigo Vera | ||
| 999 | |c 375302 |d 375300 | ||
| 952 | |0 0 |1 0 |3 erb |4 0 |6 323_400000000000000_CHO_2015 |7 0 |8 WP_COW |9 561250 |a BIBDER |b BIBDER |e Fundación W and P Cowley |h v.2 |i 559894K |o 323.4 CHO 2015 |p 559894K |r 2023-01-25 |w 2020-03-12 |y BK |z Catalogado en:20190904 |k WPC | ||